000 00983nam a2200217Ia 4500
001 912-ATL en (19625)
003 IT-MiSPE
008 171229s9999||||xx |||||||||||||| ||und||
040 _aIT-MiSPE
_cIT-MiSPE
041 _aITALIANO
100 _aAA.VV.
245 0 _aAtlante enciclopedico Touring
_bV. Storia moderna e contemporanea
250 _a1a ed. (v)
260 _aMilano
_bT.C.I.
_c1990
300 _a167 p.
_c33 cm
501 _aEdizioni San Paolo srl - Piazza Soncino, 5 - 20092 CINISELLO BALSAMO (MI) (non commercial uses only) ® Copyright 2018
520 _aServizio Cartografico del TCI. Ill., cart. geo.
942 _cBK
957 _71
999 _a6032
_bNO
_g Copie: 1
_c355946
_d355946